000 00402nam a2200169Ia 4500
001 26366
003 IN-NITTTR
005 20251114233332.0
008 251113s9999||||xx |||||||||||||| ||eng||
040 _beng
040 _cIN-NITTTR
041 _aeng
082 _a005.262 B27P
100 _aBarr, Michael
245 0 _aProgramming embedded systems in C and C++ /
_cBarr, Michael
942 _2ddc
_cBK
999 _c28995
_d28995